00421nam a2200193Ia 4500003000900000008004100009040001300050040001300063041000800076100001600084245002900100250001300129260001200142260000900154300001100163300001000174490003600184490000700220IT-RoPAU120407s9999 xx 000 0 und d aIT-RoPAU cIT-RoPAU aita aPaolo Sardi aL’aborto ieri e oggi.  aBrescia  aPaideia c1975 a390 p. c21 cm aBiblioteca di cultura religiosa v26